000
00296nam a2200121Ia 4500
008
230907s9999||||xx |||||||||||||| ||und||
082
_a
629.260288,CRA
100
_a
Crandell, Michael.
_9
115257
245
0
_a
Painting:
260
_a
Delmar
_b
Australia
_c
2007
300
_a
vi, 272p.:
942
_c
BK
999
_c
597971
_d
597971